[Event "Berlin Federation IM"]
[Site "Berlin"]
[Date "2025.02.28"]
[Round "6"]
[White "Poltorak, Sebastian"]
[Black "Schulze, Lara"]
[Result "1-0"]
[WhiteElo "2407"]
[BlackElo "2266"]
[PlyCount "75"]
[EventDate "2025.02.24"]
[EventType "tourn"]
[EventRounds "9"]
[EventCountry "GER"]
[EventCategory "3"]
[SourceTitle "CB10_2025"]
[SourceDate "2025.03.05"]
[SourceVersion "1"]
[SourceVersionDate "2025.03.05"]
[SourceQuality "1"]

1. d4 Nf6 2. c4 e6 3. Nc3 Bb4 4. Nf3 d5 5. Qa4+ Nc6 6. a3 Bxc3+ 7. bxc3 Ne4 8. e3 Nxc3 9. Qc2 Ne4 10. Bd3 f5 11. cxd5 exd5 12. Ne5 Ne7 13. a4 0-0 14. Ba3 Rf6 15. Rc1 c6 16. f3 Qa5+ 17. Ke2 Nd6 18. g3 Qd8 19. Qc3 Bd7 20. h4 Be8 21. Rcg1 a5 22. h5 b5 23. Qc2 Nc4 24. Bc5 h6 25. g4 fxg4 26. Nxg4 Re6 27. f4 Nc8 28. f5 Rf6 29. e4 dxe4 30. Bxc4+ bxc4 31. Qxe4 Bf7 32. Qe5 Kh7 33. Nxf6+ gxf6 34. Qg3 Qh8 35. Kf2 Na7 36. Qc7 Qe8 37. Re1 Qg8 38. Rhg1 1-0

[Event "Bundesliga 2425"]
[Site "Germany"]
[Date "2025.02.23"]
[Round "10.8"]
[White "Albers, Sasa"]
[Black "Schulze, Lara"]
[Result "1/2-1/2"]
[WhiteElo "2264"]
[BlackElo "2283"]
[PlyCount "175"]
[EventDate "2024.09.28"]
[EventType "team-tourn"]
[EventRounds "15"]
[EventCountry "GER"]
[SourceTitle "CB09_2025"]
[SourceDate "2025.02.27"]
[SourceVersion "1"]
[SourceVersionDate "2025.02.27"]
[SourceQuality "1"]
[WhiteTeam "Muelheim Nord"]
[BlackTeam "Werder Bremen"]
[WhiteTeamCountry "GER"]
[BlackTeamCountry "GER"]

1. e4 e5 2. Nf3 Nc6 3. Bb5 a6 4. Ba4 Nf6 5. 0-0 Nxe4 6. d4 Be7 7. Re1 b5 8. Rxe4 d5 9. Nxe5 Nxe5 10. Rxe5 bxa4 11. Nc3 0-0 12. Bf4 a3 13. b3 Bd6 14. Rxd5 Be6 15. Rxd6 cxd6 16. Ne4 d5 17. Nc5 Bf5 18. c3 Qa5 19. Qf3 Rfe8 20. Nb7 Qb6 21. Nd6 Be4 22. Qh5 g6 23. Qg5 Re6 24. Nxe4 dxe4 25. d5 f6 26. Qg3 Re7 27. Rd1 Rd7 28. c4 a5 29. Qc3 Rc8 30. h3 Kf7 31. Be3 Qd8 32. Qd4 f5 33. c5 Qf6 34. Qc4 f4 35. Bd4 Qf5 36. Bc3 h5 37. Qd4 Rdc7 38. d6 Rd7 39. Re1 Rxc5 40. Rxe4 Rxc3 41. Rxf4 Rc1+ 42. Kh2 Rc5 43. g4 hxg4 44. hxg4 Qxf4+ 45. Qxf4+ Ke6 46. Qe4+ Kxd6 47. Qxg6+ Kc7 48. Kg3 Rd2 49. Qg7+ Kc6 50. Qh6+ Rd6 51. Qf4 Rd3+ 52. Kh4 Kb6 53. Qa4 Rf3 54. Qxa3 Rxf2 55. b4 axb4 56. Qxb4+ Kc6 57. Qe4+ Rd5 58. Qe6+ Rd6 59. Qc8+ Kd5 60. Qa8+ Ke5 61. Qe8+ Kd5 62. Qb5+ Ke6 63. Qb3+ Kf6 64. g5+ Kg7 65. Qb7+ Kg6 66. Qe4+ Kf7 67. Qh7+ Kf8 68. Qh8+ Kf7 69. Qh5+ Kg7 70. Qe8 Rdd2 71. Qe7+ Kg8 72. Kh5 Rxa2 73. Qe8+ Kg7 74. Qe7+ Kg8 75. Qd8+ Kg7 76. Qc7+ Kg8 77. Qb8+ Kg7 78. Qb7+ Rf7 79. Qe4 Rh2+ 80. Kg4 Rhf2 81. Qe5+ Kg6 82. Qd6+ Kg7 83. Kh5 R2f5 84. Qe6 Kh7 85. Qg6+ Kh8 86. Kh6 Rxg5 87. Qxf7 Rg6+ 88. Kxg6 1/2-1/2

[Event "EU-ch blitz (Women)"]
[Site "Monaco"]
[Date "2025.01.10"]
[Round "8"]
[White "Narva, Mai"]
[Black "Schulze, Lara"]
[Result "1-0"]
[WhiteElo "2398"]
[BlackElo "2266"]
[PlyCount "115"]
[EventDate "2025.01.10"]
[EventType "swiss (blitz)"]
[EventRounds "13"]
[EventCountry "MNC"]
[SourceTitle "CB03_2025"]
[SourceDate "2025.01.15"]
[SourceVersion "1"]
[SourceVersionDate "2025.01.15"]
[SourceQuality "1"]

1. e4 e5 2. Nf3 Nc6 3. Bb5 a6 4. Ba4 Nf6 5. 0-0 d6 6. c3 Bd7 7. Re1 g6 8. h3 Bg7 9. d4 0-0 10. Nbd2 exd4 11. cxd4 Nb4 12. Bxd7 Qxd7 13. Qb3 c5 14. d5 a5 15. a3 a4 16. Qd1 Nd3 17. Re3 Nxc1 18. Rxc1 b5 19. Re1 Nh5 20. Qc2 Nf4 21. g3 Nxh3+ 22. Kg2 h6 23. Nf1 Ng5 24. Nxg5 hxg5 25. Qd2 Bf6 26. Ne3 Kg7 27. Qe2 Rh8 28. Rh1 Bd4 29. Ng4 Rae8 30. Rxh8 Rxh8 31. Rh1 Rxh1 32. Kxh1 Qe7 33. Nh2 f5 34. f3 Qe5 35. Kg2 Bxb2 36. Qxb5 fxe4 37. Qd7+ Kf8 38. Qd8+ Kf7 39. Ng4 Qc3 40. Qd7+ Kf8 41. Qxd6+ Kg7 42. Qe7+ Kh8 43. Qxe4 Bxa3 44. Qxg6 Bb2 45. Nh6 Qg7 46. Qe8+ Kh7 47. Nf5 Qe5 48. Qf7+ Kh8 49. Ne7 Qg7 50. Qh5+ Qh7 51. Qe8+ Kg7 52. d6 Qc2+ 53. Kh3 Qh7+ 54. Kg4 Kf6 55. Nd5+ Kg7 56. d7 Qh6 57. Qe7+ Kg8 58. d8Q+ 1-0

[Event "EU-ch blitz (Women)"]
[Site "Monaco"]
[Date "2025.01.10"]
[Round "6"]
[White "Osmak, Iulija"]
[Black "Schulze, Lara"]
[Result "0-1"]
[WhiteElo "2463"]
[BlackElo "2266"]
[PlyCount "146"]
[EventDate "2025.01.10"]
[EventType "swiss (blitz)"]
[EventRounds "13"]
[EventCountry "MNC"]
[SourceTitle "CB03_2025"]
[SourceDate "2025.01.15"]
[SourceVersion "1"]
[SourceVersionDate "2025.01.15"]
[SourceQuality "1"]

1. c4 e5 2. Nc3 Nf6 3. Nf3 Nc6 4. g3 Bb4 5. Bg2 Bxc3 6. dxc3 0-0 7. 0-0 d6 8. Nh4 Rb8 9. e4 Ne7 10. Be3 b6 11. b3 Nd7 12. Qc2 Nc5 13. Rad1 Qe8 14. Nf5 Nxf5 15. exf5 Bb7 16. f3 f6 17. Rfe1 Kh8 18. g4 Qf7 19. h4 Rg8 20. h5 h6 21. Qc1 Kh7 22. Qc2 Kh8 23. Qd2 Kh7 24. Qf2 Rge8 25. Bf1 Rbd8 26. Bg2 a5 27. Rd2 Nd7 28. Red1 a4 29. Bf1 axb3 30. axb3 Ra8 31. b4 Nf8 32. c5 bxc5 33. bxc5 d5 34. Rb2 Bc6 35. Rdd2 Ra3 36. Rdc2 Rea8 37. Qe2 R8a4 38. Ra2 Qe8 39. Rxa3 Rxa3 40. Qd2 Qa8 41. Rb2 Ra1 42. Kf2 Qa3 43. Be2 Nd7 44. Bb5 Bxb5 45. Rxb5 Ra2 46. c6 Rxd2+ 47. Bxd2 Nc5 48. Be3 Nd3+ 49. Ke2 e4 50. fxe4 dxe4 51. Rb7 Qa2+ 52. Bd2 Nc1+ 53. Kd1 Nb3 54. Be3 Qb1+ 55. Ke2 Qd3+ 56. Kf2 Qxc3 57. Rxc7 Na5 58. Rc8 Nxc6 59. Rc7 Qb2+ 60. Kf1 Ne5 61. Bc5 Nd3 62. Be3 Qb1+ 63. Kg2 Qa2+ 64. Kg3 Qe2 65. Bc5 Qf3+ 66. Kh2 Qxg4 67. Bd6 Ne1 68. Bg3 Nf3+ 69. Kg2 Nh4+ 70. Kf2 Nxf5 71. Bh2 Qf3+ 72. Kg1 Nh4 73. Rc2 Qd1+ 0-1

[Event "Leer op"]
[Site "Leer"]
[Date "2024.11.03"]
[Round "7"]
[White "Reuter, Julian Frank"]
[Black "Schulze, Lara"]
[Result "1/2-1/2"]
[WhiteElo "2119"]
[BlackElo "2275"]
[PlyCount "57"]
[EventDate "2024.10.31"]
[EventType "swiss"]
[EventRounds "7"]
[EventCountry "GER"]
[SourceTitle "CB45_2024"]
[Source "ChessBase"]
[SourceDate "2024.11.06"]
[SourceVersion "1"]
[SourceVersionDate "2024.11.06"]
[SourceQuality "1"]

1. Nf3 d5 2. g3 Bg4 3. Bg2 c6 4. h3 Bh5 5. c4 e6 6. d4 Nf6 7. 0-0 Be7 8. Ne5 0-0 9. Nc3 Bg6 10. Nxg6 hxg6 11. b3 Nbd7 12. Qd3 a5 13. Bf4 Re8 14. e4 dxe4 15. Nxe4 Nc5 16. Nxc5 Bxc5 17. Rfd1 Bxd4 18. Qxd4 Qxd4 19. Rxd4 e5 20. Bxe5 Rxe5 21. Rad1 Rae8 22. Bf3 Re1+ 23. Rxe1 Rxe1+ 24. Kg2 Kf8 25. c5 Re5 26. Rd8+ Re8 27. Rd4 Re5 28. Rd8+ Re8 29. Rd4 1/2-1/2